Countries With The Most Native American Ancestry - Statistics

General Stats
  • This quiz has been taken 27 times
  • The average score is 13 of 15
Answer Stats
Total % Country % Correct
109,3 mil 83.6 Mexico
100%
61,22 mil 18.0 United States
100%
2,23 mil 55.0 Panama
96%
11,20 mil 98.6 Bolivia
92%
34,49 mil 94.6 Peru
92%
7,19 mil 35.6 Chile
88%
2,07 mil 40.1 Costa Rica
88%
5,36 mil 88.9 El Salvador
88%
17,27 mil 95.5 Guatemala
88%
4,71 mil 77.2 Paraguay
88%
27,96 mil 52.7 Colombia
83%
9,10 mil 92.0 Honduras
83%
5,25 mil 76.5 Nicaragua
83%
13,48 mil 47.3 Venezuela
83%
14,4 mil 79.9 Ecuador
79%
No matching quizzes found
Score Distribution
Percent of People with Each Score
Percentile by Number Answered
Your Score History
You have not taken this quiz